000
00200 a2200097 4500
020
_a
9780590293488
041
_a
spa
100
_a
Brown, Roberta y Murdocca Sal
245
_a
Al Escondite
942
_c
BK
999
_c
14964
_d
14964